Mariposas del Ecuador / (Registro nro. 1192)

Detalles MARC
000 -CABECERA
Campo de control 00972nam a2200253 i 4500
005 - FECHA Y HORA DE LA ULTIMA TRANSACCION
Campo de control 20160116060625.0
008 - ELEMENTOS DE LONGITUD FIJA—INFORMACION GENERAL
Campo de control 981006s1997 ec a b 000 0 spa
020 ## - ISBN
ISBN 997840340X
040 ## - FUENTE DE CATALOGACIÓN
Agencia catalogadora original DLC
Agencia transcriptora DLC
Agencia Modificadora CO-BoIAVH
041 0# - IDIOMA
Código de idioma para texto/pista de sonido o título separado Español
043 ## - GEOGRAPHIC AREA CODE
Geographic area code s-ec---
082 04 - NUMERO DE CLASIFICACION DECIMAL DEWEY
Número de clasificación 595.789
Número del ítem M69m
100 1# - ASIENTO PRINCIPAL--NOMBRE PERSONAL
Nombre personal Moreno Espinosa, Miguel
9 (RLIN) 11235
245 10 - MENCION DE TITULO
Título Mariposas del Ecuador /
Mención de responsabilidad Miguel Moreno Espinosa, Xavier Silva del Pozo, Germania Estévez J´scome ; Ines y Paul Marggraff, fotografía ; coordinación, Filoteo Samaniego.
260 ## - PUBLICACION, DISTRIBUCION, ETC. (PIE DE IMPRENTA)
Lugar de publicación, distribución, etc. Quito :
Nombre del editor, distribuidor, etc. Occidental Exploration and Production Co.,
Fecha de publicación, distribución, etc. 1997.
300 ## - DESCRIPCION FISICA
Extensión 167 p. :
Otros detalles físicos col. ill. ;
Dimensiones 30 cm.
546 ## - NOTA DE IDIOMA
Nota de idioma Spanish and English.
650 14 - ASIENTO SECUNDARIO DE MATERIA - TERMINO TEMATICO
Término temático o nombre geográfico como elemento de entrada Mariposas
Subdivisión general Clasificación
Subdivisión geográfica Ecuador.
9 (RLIN) 51850
650 24 - ASIENTO SECUNDARIO DE MATERIA - TERMINO TEMATICO
Término temático o nombre geográfico como elemento de entrada Mariposas
Subdivisión general Obras ilustradas
Subdivisión geográfica Ecuador
9 (RLIN) 51851
650 24 - ASIENTO SECUNDARIO DE MATERIA - TERMINO TEMATICO
Término temático o nombre geográfico como elemento de entrada Lepidócteros
Subdivisión geográfica Ecuador
9 (RLIN) 51852
700 1# - ASIENTO SECUNDARIO - NOMBRE PERSONAL
Nombre personal Silva del Pozo, Xavier,
Término de relación autor.
9 (RLIN) 11236
700 1# - ASIENTO SECUNDARIO - NOMBRE PERSONAL
Nombre personal Estévez Jácome, Germania.
Término de relación autor.
9 (RLIN) 11237
942 ## - ELEMENTOS ADICIONALES (KOHA)
Sistema de clasificación Dewey Decimal Classification
Tipo de ítem Libro
Existencias
Withdrawn status Lost status Sistema de Clasificación Damaged status No para préstamo Colección Inventariado Ubicación Permanente Ubicación actual Fecha de adquisición Fuente de Valor Valor Total Checkouts Número topográfico Inventario / Código de Barras Date last seen Date checked out Ejemplar Price effective from Forma de adquisición Tipo de material
    Dewey Decimal Classification     General Inventariado 2017 Bogotá Bogotá 24/04/1999 Instituto 39000.00 1 LB-595.789 M69m 001622 10/07/2013 03/07/2013 Ej. 1 04/12/2012   Libro